Ganong's Ιατρική φυσιολογία = Ganong's review of medical physiology

Αποθηκεύτηκε σε:
Λεπτομέρειες βιβλιογραφικής εγγραφής
Κύριος συγγραφέας: Barrett, Kim E.
Μορφή: Βιβλίο
Γλώσσα:Greek
English
Δημοσίευση: Αθήνα : Π.Χ. Πασχαλίδης, c2012.
Έκδοση:24η εκδ.
Θέματα:
Ετικέτες: Προσθήκη ετικέτας
Δεν υπάρχουν, Καταχωρήστε ετικέτα πρώτοι!

MARC

LEADER 00000cam a2200000 i 4500
001 1/41596
008 140206s20112012gr | | ||| |||| ||gre||
020 |a 9789604892501 
035 |l 10116595 
040 |a GR-MyUA  |b gre  |e AACR2 
041 1 |a gre  |h eng 
082 0 |a 612   |2 (23)  
100 1 |a Barrett, Kim E. 
245 1 0 |a Ganong's Ιατρική φυσιολογία =   |b Ganong's review of medical physiology /   |c Kim E. Barrett... [κ.ά.].  
246 1 |i Παράλληλος τίτλος:   |a Ganong's review of medical physiology  
250 |a 24η εκδ.  
260 |a Αθήνα :   |b Π.Χ. Πασχαλίδης,   |c c2012.  
300 |a 987 σ. :   |b εικ., πίν. ;   |c 28 εκ.  
500 |a Τίτλος πρωτοτύπου: Ganong's review of medical physiology.  
504 |a Περιλαμβάνει βιβλιογραφία και ευρετήριο.  
650 0 0 |a Human physiology. 
650 0 0 |a Physiology, Pathological. 
852 |a INST  |b LEMNOS  |c EUDOXUS  |e 20140206  |h 612 GAN  |p 005600000930  |q 005600000930  |t EDX  |y 0 
901 |a BIBL6-2014-1 
909 |a Μ  |b 161210 
920 |a Εύδοξος  |b Παραγγελία  |y Λήμνος-ΤΕΤΔ  |z 2014-02 
922 |a 6ΕΛΗ 
970 |a ΜΟΣΧΟΒΗ  |b ΕΥΑΓΓΕΛΙΑ  |z 2014/02/06